00575 2200229 4500001002100000005001500021035002000036007000300056008004100059020002000100082001300120084001900133100001900152245002300171250000600194260003600200300002900236650001200265650001700277856002900294990002200323INLIS00000000000728120250305072833 a0010-0325000006ta250305 0 ind  a978-623-7868316 a398.2095 a398.2095 RAH a1 aRAHMAN, Rian F1 aAku dan Kesukaanku a- aJakarta :bLingkar Media,c2000 a24p. :bilus ;c19 cme- 4aTematik 4aDiri sendiri aPerpustakaan BPSIP JATIM a94/2025/BSIPJATIM